000 00646nam a22002297a 4500
003 UA-OsUOA
001 49388
007 ta
008 20071003b un ||||| |||| 00| 0 ukr d
090 _a821.161.2
_bБ24
942 _cBK
040 _aUA-OsUOA
_bukr
_cUA-OsUOA
_dUA-OsUOA
245 _aБарви рідного краю
_bЗбірник
_cУпор. та ред. Є. Шморгун
300 _a160 с.
955 _a2
041 _aukr
080 _a821.161.2
020 _a966-8883-21-7
260 _aРівне
_bАзалія
_c2006
650 7 _a82 Література. Літературознавство
_2UDC
999 _c335496
_d335496